| 000 | 01166cam a2200313 a 4500 | ||
|---|---|---|---|
| 999 |
_c330590 _d330590 |
||
| 001 | 673649 | ||
| 003 | NUST | ||
| 005 | 20170721162021.0 | ||
| 008 | 951107s1996 flua b 001 0 eng | ||
| 010 | _a 95047798 | ||
| 020 | _a1566700388 | ||
| 040 |
_aDLC _cDLC _dDLC |
||
| 050 | 0 | 0 |
_aTC174 _b.H38 1996 |
| 082 | 0 | 0 |
_a627 HAU _220 |
| 100 | 1 |
_aHauser, Barbara A. _93529 |
|
| 245 | 1 | 0 |
_aPractical hydraulics handbook / _cBarbara A. Hauser. |
| 250 | _a2nd ed. | ||
| 260 |
_aBoca Raton, FLa : _bCRC Press, _cc1996. |
||
| 300 |
_avii, 359 p. : _bill. ; _c28 cm. |
||
| 500 | _aH.B | ||
| 504 | _aIncludes bibliographical references (p. [353]-355) and index. | ||
| 650 | 0 |
_aWater-pipes _xHydrodynamics. _93530 |
|
| 650 | 0 |
_aSewerage _xFluid dynamics. _93531 |
|
| 650 | 0 |
_aWaterworks. _93532 |
|
| 856 | 4 | 2 |
_3Publisher description _uhttp://www.loc.gov/catdir/enhancements/fy0731/95047798-d.html |
| 906 |
_a7 _bcbc _corignew _d1 _eocip _f19 _gy-gencatlg |
||
| 942 |
_2ddc _cBK _kIESE |
||